| 000 | 00716cam a2200277 4500 | ||
|---|---|---|---|
| 001 | J3454 | ||
| 008 | 090401t1996 xxu||||| |||| 00| 0 eng d | ||
| 035 | _a(Sirsi) u55119 | ||
| 041 | _aeng | ||
| 050 | _a333.335 | ||
| 110 |
_aJ H Walter _91471 |
||
| 245 | _aFarm land focus. - January 1996 | ||
| 260 |
_aLincoln _bJ H Walter _c1996 |
||
| 300 | _a11p. ; 30cm. | ||
| 350 | _a0 | ||
| 520 | _aFirm previously known as John H. Walter and Sons. | ||
| 650 | _aFARM BUSINESS TENANCIES | ||
| 650 | _aFARM LAND FOCUS | ||
| 650 | _aFARM LAND | ||
| 650 | _aLAND PRICES | ||
| 650 | _aRICS APPRAISAL AND VALUATION MANUAL | ||
| 650 | _aTAXATION | ||
| 690 | _aRURAL PRACTICE | ||
| 942 | _n0 | ||
| 948 | _c04/03/1997 | ||
| 999 |
_c93564 _d93564 |
||